| Virtuální polytechnická knihovna - Souborný katalog - Úplný záznam dokumentu - MARC |
Uživatel: --- |
-----nas 22-----zu 4500
001 SKVPK0031901
003 CZ-VPK
005 20260424095645.0
008 260424d19651975||||| | ||| || |||||||
040 $aABA013$bcze
222 0$aNuclear Science Abstracts of Poland
245 00$aNuclear Science Abstracts of Poland
260 $aPolsko :$bWarszawa : Nuclear Energy Information Center,$c1965-1975
650 07$afyzika$xfy$2psh
910 $aABA013$r1965-1975
| čtvrtek 14.05.2026 00:04:34 |
© 2001-2015 Národní technická knihovna |
[Virtuální polytechnická knihovna]
[Servisní centrum]
[Souborný katalog]